00323nam a2200133Ia 45000030006000000080041000060400015000471000016000622450051000782500011001292600020001405460012001600050017001720STCL150530s9999 xx 000 0 und d aSTCLcSTCL aAntia, H.M. aNumerical methods for scientists and engineers aSecond bHindustanc2002 aEnglish20220125170023.0